000 00293nam a22001337a 4500
008 181015b xxu||||| |||| 00| 0 eng d
020 _a9780072523423
041 _aeng
080 _a370
100 _a48
101 _aEDU
245 _aMethods In Behavioral
_cCozby.P.C
942 _2udc
_cBK
999 _c49796
_d49796